000 00291nam a22001337a 4500
008 181030b xxu||||| |||| 00| 0 eng d
020 _a0838517528
041 _aeng
080 _a618
100 _a8
101 _aGJIN
245 _aOperative Obstetrics
_cQuilligan, E.J
942 _2udc
_cBK
999 _c51163
_d51163